000 00921nam a22003011c 4500
001 ht016402355
008 111118s2010 gw |||| 000u ger d
020 _a9783643107
_9978-3-643-107
041 _ager
100 1 _aHey, Patrizia
245 0 4 _aDie sowjetische Polenpolitik Anfang der 1980er Jahre und die Verhängung des Kriegsrechts in der Volksrepublik Polen :
_btatsächliche sowjetische Bedrohung oder erfolgreicher Bluff?
264 _aBerlin [u.a.] :
_bLIT,
_c2010
300 _a527 S.
502 _aZugl.: Mannheim, Univ., Diss., 2010
600 0 _aJaruzelski, Wojciech
648 0 _a1980-1981
650 0 _aKalter Krieg
650 0 _aOstblock
650 0 _aWarschauer Pakt
650 0 _a
651 0 _aPolen
651 0 _aDanzig
655 0 _aHochschulschrift
942 _cMG
040 _cRU-10907106
003 RU-10907106
999 _c23818
_d23818
490 0 _aStudien zu Konflikt und Kooperation im Osten
_v19